| 000 | 00981cam a2200301 a 4500 | ||
|---|---|---|---|
| 001 | 718596 | ||
| 003 | SISC | ||
| 005 | 20190620130516.0 | ||
| 008 | 970807r19971994enka 001 0 eng | ||
| 010 | _a 97180678 | ||
| 020 | _a1855018683 | ||
| 040 |
_aDLC _cDLC _dDLC |
||
| 050 | 0 | 0 |
_aND 1535 _b.G144 1997 |
| 082 |
_aHS 751.426 _bGa 13 1997 |
||
| 100 | 1 |
_aGair, Angela, _d1954- _912573 |
|
| 240 | 1 | 0 | _aPractical art acrylics |
| 245 | 1 | 0 |
_aAcrylics : _ba step-by-step guide to acrylics techniques/ _cAngela Gair. |
| 260 |
_aLondon : _bTiger Books International, _c1997. |
||
| 300 |
_a96 p. : _bcol. ill. ; _c27 cm. |
||
| 440 | 4 |
_aThe beginner's guide _912574 |
|
| 600 |
_aAngela Gair. _912575 |
||
| 650 | 0 |
_apainting _912576 |
|
| 856 | 4 | 2 |
_3Publisher description _uhttp://www.loc.gov/catdir/description/ste022/97180678.html |
| 906 |
_a7 _bcbc _corignew _d2 _encip _f19 _gy-gencatlg |
||
| 942 |
_2lcc _cBK |
||
| 999 |
_c9144 _d9144 |
||